[Event "DEM U12w 2022"]
[Site "Willingen GER"]
[Date "2022.06.05"]
[Round "2"]
[White "Rafikova, Ailin"]
[Black "Wolf, Anna"]
[Result "1/2-1/2"]
[Termination "normal"]
[Board "12"]
[WhiteElo "1273"]
[BlackElo "1218"]
[WhiteClock "00:13:44"]
[BlackClock "01:51:18"]
[PlyCount "131"]
[WhiteFideId "34612173"]
[BlackFideId "34616993"]
[EventCountry "GER"]
[EventRounds "9"]
[EventType "swiss"]
[EventDate "2022.06.04"]

1. c4 {[%clk 01:30:49]} {[%emt 00:00:11]} c5 {[%clk 01:30:48]} {[%emt
00:00:12]} 2. Nc3 {[%clk 01:31:08]} {[%emt 00:00:11]} Nc6 {[%clk 01:31:09]}
{[%emt 00:00:09]} 3. g3 {[%clk 01:31:19]} {[%emt 00:00:19]} b6 {[%clk
01:31:03]} {[%emt 00:00:36]} 4. Bg2 {[%clk 01:31:36]} {[%emt 00:00:13]} Bb7
{[%clk 01:31:25]} {[%emt 00:00:07]} 5. Nf3 {[%clk 01:31:44]} {[%emt 00:00:24]}
Nf6 {[%clk 01:31:46]} {[%emt 00:00:08]} 6. O-O {[%clk 01:31:57]} {[%emt
00:00:17]} e5 {[%clk 01:31:58]} {[%emt 00:00:19]} 7. d3 {[%clk 01:31:48]}
{[%emt 00:00:39]} Be7 {[%clk 01:31:06]} {[%emt 00:01:22]} 8. Bd2 {[%clk
01:31:41]} {[%emt 00:00:37]} Qc7 {[%clk 01:30:29]} {[%emt 00:01:06]} 9. a3
{[%clk 01:30:09]} {[%emt 00:02:02]} h6 {[%clk 01:27:51]} {[%emt 00:03:08]} 10.
Rb1 {[%clk 01:27:46]} {[%emt 00:02:52]} O-O {[%clk 01:28:01]} {[%emt 00:00:20]}
11. e3 {[%clk 01:26:18]} {[%emt 00:01:59]} Rfe8 {[%clk 01:25:54]} {[%emt
00:02:36]} 12. Ne1 {[%clk 01:24:33]} {[%emt 00:02:16]} Rad8 {[%clk 01:25:43]}
{[%emt 00:00:40]} 13. Nc2 {[%clk 01:24:12]} {[%emt 00:00:53]} d5 {[%clk
01:25:38]} {[%emt 00:00:34]} 14. Nxd5 {[%clk 01:19:39]} {[%emt 00:05:04]} Nxd5
{[%clk 01:25:35]} {[%emt 00:00:32]} 15. Bxd5 {[%clk 01:19:01]} {[%emt
00:01:07]} Na5 {[%clk 01:25:30]} {[%emt 00:00:35]} 16. Bxb7 {[%clk 01:17:28]}
{[%emt 00:02:04]} Qxb7 {[%clk 01:25:52]} {[%emt 00:00:08]} 17. b4 {[%clk
01:14:04]} {[%emt 00:03:55]} cxb4 {[%clk 01:25:35]} {[%emt 00:00:46]} 18. axb4
{[%clk 01:13:16]} {[%emt 00:01:18]} Nc6 {[%clk 01:25:42]} {[%emt 00:00:21]} 19.
Bc3 {[%clk 01:12:03]} {[%emt 00:01:46]} Bf6 {[%clk 01:25:10]} {[%emt 00:01:00]}
20. h3 {[%clk 01:03:14]} {[%emt 00:09:20]} Ne7 {[%clk 01:25:15]} {[%emt
00:00:25]} 21. b5 {[%clk 00:55:41]} {[%emt 00:08:04]} Qd7 {[%clk 01:24:09]}
{[%emt 00:01:34]} 22. Kh2 {[%clk 00:49:16]} {[%emt 00:06:56]} Qxd3 {[%clk
01:24:11]} {[%emt 00:00:27]} 23. Qxd3 {[%clk 00:43:54]} {[%emt 00:05:51]} Rxd3
{[%clk 01:24:25]} {[%emt 00:00:18]} 24. Bb4 {[%clk 00:42:52]} {[%emt 00:01:33]}
Rc8 {[%clk 01:23:51]} {[%emt 00:01:03]} 25. Na3 {[%clk 00:39:56]} {[%emt
00:03:26]} Ng6 {[%clk 01:23:05]} {[%emt 00:01:16]} 26. Rfd1 {[%clk 00:38:45]}
{[%emt 00:01:41]} e4 {[%clk 01:22:18]} {[%emt 00:01:16]} 27. Rxd3 {[%clk
00:35:32]} {[%emt 00:03:43]} exd3 {[%clk 01:22:40]} {[%emt 00:00:08]} 28. f4
{[%clk 00:29:24]} {[%emt 00:06:38]} Ne7 {[%clk 01:22:43]} {[%emt 00:00:28]} 29.
e4 {[%clk 00:26:26]} {[%emt 00:03:29]} g5 {[%clk 01:22:28]} {[%emt 00:00:44]}
30. e5 {[%clk 00:25:23]} {[%emt 00:01:32]} gxf4 {[%clk 01:21:35]} {[%emt
00:01:23]} 31. gxf4 {[%clk 00:22:11]} {[%emt 00:03:41]} Bh4 {[%clk 01:21:46]}
{[%emt 00:00:20]} 32. Rd1 {[%clk 00:19:36]} {[%emt 00:03:00]} Rd8 {[%clk
01:22:04]} {[%emt 00:00:18]} 33. Bd6 {[%clk 00:17:42]} {[%emt 00:02:22]} Nf5
{[%clk 01:21:18]} {[%emt 00:01:17]} 34. Rxd3 {[%clk 00:15:04]} {[%emt
00:03:07]} Be7 {[%clk 01:21:39]} {[%emt 00:00:11]} 35. Nc2 {[%clk 00:13:00]}
{[%emt 00:02:33]} Nxd6 {[%clk 01:21:59]} {[%emt 00:00:11]} 36. exd6 {[%clk
00:13:22]} {[%emt 00:00:07]} Bxd6 {[%clk 01:22:25]} {[%emt 00:00:05]} 37. Rd4
{[%emt 00:06:41]} Bc7 {[%clk 01:18:36]} {[%emt 00:00:51]} 38. Rxd8+ {[%clk
00:09:44]} {[%emt 00:01:23]} Bxd8 {[%clk 01:18:56]} {[%emt 00:00:11]} 39. Nb4
{[%clk 00:08:29]} {[%emt 00:01:46]} Kg7 {[%clk 01:19:15]} {[%emt 00:00:12]} 40.
Nc6 {[%clk 00:08:09]} {[%emt 00:00:49]} Bc7 {[%clk 01:19:38]} {[%emt 00:00:06]}
41. Kg3 {[%clk 00:07:47]} {[%emt 00:00:52]} Kg6 {[%clk 01:19:32]} {[%emt
00:00:36]} 42. Ne7+ {[%clk 00:05:48]} {[%emt 00:02:29]} Kh5 {[%clk 01:18:27]}
{[%emt 00:01:36]} 43. Nc6 {[%clk 00:02:16]} {[%emt 00:04:01]} Kg6 {[%clk
01:18:42]} {[%emt 00:00:16]} 44. Nxa7 {[%clk 00:01:53]} {[%emt 00:00:54]} Kf5
{[%clk 01:19:02]} {[%emt 00:00:09]} 45. Nc8 {[%clk 00:29:37]} {[%emt 00:02:45]}
Bxf4+ {[%clk 01:49:21]} {[%emt 00:00:12]} 46. Kf3 {[%clk 00:29:57]} {[%emt
00:00:10]} Bc7 {[%clk 01:49:44]} {[%emt 00:00:06]} 47. c5 {[%clk 00:26:16]}
{[%emt 00:04:11]} bxc5 {[%clk 01:49:51]} {[%emt 00:00:23]} 48. b6 {[%clk
00:25:49]} {[%emt 00:00:58]} Bb8 {[%clk 01:50:13]} {[%emt 00:00:08]} 49. Ne7+
{[%emt 00:04:07]} Ke6 {[%clk 01:50:33]} 50. Nc6 {[%clk 00:22:30]} {[%emt
00:00:22]} Bd6 {[%clk 01:50:41]} {[%emt 00:00:22]} 51. b7 {[%clk 00:22:37]}
{[%emt 00:00:24]} c4 {[%clk 01:51:03]} {[%emt 00:00:07]} 52. b8=Q {[%clk
00:22:30]} {[%emt 00:00:37]} Bxb8 {[%clk 01:51:27]} {[%emt 00:00:06]} 53. Nxb8
{[%clk 00:22:13]} {[%emt 00:00:47]} Kd5 {[%clk 01:51:40]} {[%emt 00:00:17]} 54.
Ke3 {[%clk 00:21:36]} {[%emt 00:01:07]} f5 {[%clk 01:52:00]} {[%emt 00:00:09]}
55. Na6 {[%clk 00:17:59]} {[%emt 00:04:07]} c3 {[%clk 01:50:30]} {[%emt
00:02:01]} 56. Kd3 {[%clk 00:15:50]} {[%emt 00:02:38]} f4 {[%clk 01:50:14]}
{[%emt 00:00:47]} 57. Kxc3 {[%clk 00:15:36]} {[%emt 00:00:44]} Ke4 {[%clk
01:50:39]} {[%emt 00:00:05]} 58. Kd2 {[%clk 00:15:29]} {[%emt 00:00:36]} Kf3
{[%clk 01:50:22]} {[%emt 00:00:48]} 59. Ke1 {[%clk 00:15:10]} {[%emt 00:00:49]}
Kg3 {[%clk 01:50:20]} {[%emt 00:00:31]} 60. h4 {[%clk 00:15:15]} {[%emt
00:00:25]} f3 {[%clk 01:50:41]} {[%emt 00:00:10]} 61. Nc5 {[%clk 00:14:30]}
{[%emt 00:01:15]} Kxh4 {[%clk 01:51:02]} {[%emt 00:00:08]} 62. Ne4 {[%clk
00:13:51]} {[%emt 00:01:09]} Kg4 {[%clk 01:50:48]} {[%emt 00:00:42]} 63. Kf2
{[%clk 00:13:17]} {[%emt 00:01:08]} h5 {[%clk 01:51:05]} {[%emt 00:00:13]} 64.
Nf6+ {[%clk 00:13:33]} {[%emt 00:00:13]} Kg5 {[%clk 01:50:56]} {[%emt
00:00:38]} 65. Nxh5 {[%clk 00:13:54]} {[%emt 00:00:10]} Kxh5 {[%clk 01:51:18]}
{[%emt 00:00:08]} 66. Kxf3 {[%clk 00:13:44]} {[%emt 00:00:10]} 1/2-1/2

[Event "DEM U12w 2022"]
[Site "Willingen GER"]
[Date "2022.06.05"]
[Round "2"]
[White "Wagner, Cosima"]
[Black "Mo, Keyou"]
[Result "1-0"]
[Termination "normal"]
[Board "13"]
[WhiteElo "1362"]
[BlackElo "1150"]
[PlyCount "55"]
[WhiteFideId "34603484"]
[BlackFideId "34623582"]
[EventCountry "GER"]
[EventRounds "9"]
[EventType "swiss"]
[EventDate "2022.06.04"]

1. e4 e5 2. Nf3 Nc6 3. Bc4 Bc5 4. c3 Nf6 5. d4 exd4 6. O-O O-O 7. cxd4 Bb6 8.
d5 Ne7 9. e5 Ne4 10. Qc2 Nc5 11. d6 cxd6 12. exd6 Ng6 13. b4 Ne6 14. Bb2 Re8
15. Qc3 f6 16. Nbd2 a6 17. Qc2 Kh8 18. Rfe1 Nef4 19. Rxe8+ Qxe8 20. Re1 Qf8 21.
g3 Nh3+ 22. Kg2 Nxf2 23. Bd3 Nxd3 24. Qxd3 Qf7 25. Qc4 Qxc4 26. Nxc4 Ba7 27.
Re8+ Nf8 28. Rxf8# 1-0

[Event "DEM U12w 2022"]
[Site "Willingen GER"]
[Date "2022.06.05"]
[Round "2"]
[White "Mader, Theresa"]
[Black "Mehner, Clara"]
[Result "0-1"]
[Termination "normal"]
[Board "14"]
[WhiteElo "1339"]
[BlackElo "1056"]
[PlyCount "92"]
[WhiteFideId "34605657"]
[BlackFideId "34612165"]
[EventCountry "GER"]
[EventRounds "9"]
[EventType "swiss"]
[EventDate "2022.06.04"]

1. d4 d5 2. c4 c6 3. Nc3 Nf6 4. Nf3 Bg4 5. Bg5 Nbd7 6. e3 e5 7. Qc2 Bxf3 8.
gxf3 exd4 9. exd4 Bb4 10. O-O-O O-O 11. Rg1 Kh8 12. Bd3 Qa5 13. a3 dxc4 14.
Bxc4 Bxc3 15. Qxc3 Qxc3+ 16. bxc3 h6 17. Bf4 Nb6 18. Bb3 Nbd5 19. Be5 Nxc3 20.
Rde1 Ne8 21. Rg4 f6 22. Bf4 Nb5 23. a4 Nxd4 24. Bd1 Rd8 25. Be3 Ne6 26. Bxa7
Ng5 27. Bc5 Rf7 28. Bb6 Ra8 29. f4 Nh7 30. Rg3 Nd6 31. Bc5 Rd7 32. Bg4 Rdd8 33.
Bb6 Re8 34. Rxe8+ Rxe8 35. Bh5 Re4 36. Rd3 Re6 37. Bg4 f5 38. Bd1 Nf6 39. Bb3
Nd5 40. Bxd5 cxd5 41. Rxd5 Kg8 42. Bc5 Ne4 43. Rxf5 Rc6 44. Rf8+ Kh7 45. Kd1
Rxc5 46. f3 Nc3+ 0-1

[Event "DEM U12w 2022"]
[Site "Willingen GER"]
[Date "2022.06.05"]
[Round "2"]
[White "Ignatova, Gabriela"]
[Black "Will, Elina"]
[Result "0-1"]
[Termination "normal"]
[Board "15"]
[WhiteElo "1170"]
[BlackElo "1333"]
[PlyCount "68"]
[WhiteFideId "34623698"]
[BlackFideId "34623434"]
[EventCountry "GER"]
[EventRounds "9"]
[EventType "swiss"]
[EventDate "2022.06.04"]

1. e4 d5 2. exd5 Nf6 3. Nf3 Nxd5 4. Bc4 Nc6 5. d4 g6 6. Nc3 Nb6 7. Bb3 Bg7 8.
Be3 O-O 9. O-O e5 10. d5 Na5 11. Qd2 Nbc4 12. Qc1 Nxb3 13. axb3 Nxe3 14. Qxe3
a6 15. Nxe5 Re8 16. f4 f6 17. Qc5 fxe5 18. Nb5 Bd7 19. Nxc7 Rc8 20. d6 exf4 21.
Qd5+ Kh8 22. Nxe8 Qxe8 23. Rxf4 Qe3+ 24. Rf2 Bc6 25. Qf7 Rf8 26. d7 Bxd7 27.
Qf3 Rxf3 28. gxf3 Bd4 29. Raf1 Qg5+ 30. Kh1 Bxf2 31. Rxf2 Bh3 32. f4 Qg4 33. c4
Qd1+ 34. Rf1 Qxf1# 0-1

[Event "DEM U12w 2022"]
[Site "Willingen GER"]
[Date "2022.06.05"]
[Round "2"]
[White "John, Linnea"]
[Black "Nalam, Mokshadha"]
[Result "1/2-1/2"]
[Termination "normal"]
[Board "16"]
[WhiteElo "1306"]
[BlackElo "1185"]
[PlyCount "44"]
[WhiteFideId "34623680"]
[BlackFideId "34623566"]
[EventCountry "GER"]
[EventRounds "9"]
[EventType "swiss"]
[EventDate "2022.06.04"]

1. e4 d6 2. d4 Nf6 3. Nc3 g6 4. Nf3 Bg7 5. Bc4 Bg4 6. O-O Bxf3 7. Qxf3 Nc6 8.
Be3 e5 9. dxe5 Nxe5 10. Qe2 Nxc4 11. Qxc4 O-O 12. Rad1 Ng4 13. Bd4 Ne5 14. Qe2
Re8 15. f4 Nc6 16. Bxg7 Kxg7 17. Qf3 Re6 18. f5 gxf5 19. Qxf5 Rf6 20. Qh5 Ne5
21. Nd5 Rh6 22. Qf5 c6 1/2-1/2

[Event "DEM U12w 2022"]
[Site "Willingen GER"]
[Date "2022.06.05"]
[Round "2"]
[White "Janssen, Mareike"]
[Black "Chandrasekher, Ritu"]
[Result "1-0"]
[Termination "normal"]
[Board "17"]
[WhiteElo "1022"]
[BlackElo "1312"]
[PlyCount "80"]
[WhiteFideId "34607145"]
[BlackFideId "34609024"]
[EventCountry "GER"]
[EventRounds "9"]
[EventType "swiss"]
[EventDate "2022.06.04"]

1. e4 e5 2. Nf3 Nc6 3. Nc3 Bc5 4. Be2 Nf6 5. O-O O-O 6. d3 Re8 7. Bg5 h6 8. Bh4
Be7 9. h3 Nh7 10. Bxe7 Qxe7 11. Nd5 Qd8 12. Nd2 Nf6 13. Nc3 d6 14. Nf3 Ne7 15.
d4 Ng6 16. dxe5 dxe5 17. Qxd8 Rxd8 18. a3 b6 19. Bd3 Bb7 20. Rfe1 Rac8 21. Nb5
a6 22. Nc3 c5 23. b3 b5 24. Na2 c4 25. bxc4 bxc4 26. Be2 Bxe4 27. Rac1 Bb7 28.
Rb1 Bxf3 29. Bxf3 Rb8 30. Rxb8 Rxb8 31. Nb4 a5 32. Nc6 Rb5 33. a4 Rc5 34. c3
Nd7 35. Rb1 Nh4 36. Bg4 f5 37. Ne7+ Kf7 38. Nxf5 Nxf5 39. Bxf5 Ke7 40. Rb7 Rd5
1-0

[Event "DEM U12w 2022"]
[Site "Willingen GER"]
[Date "2022.06.05"]
[Round "2"]
[White "Vasylenko, Nadeja"]
[Black "Milman, Sophie"]
[Result "1/2-1/2"]
[Termination "normal"]
[Board "18"]
[WhiteElo "1305"]
[BlackElo "1202"]
[PlyCount "45"]
[WhiteFideId "34161457"]
[BlackFideId "34608885"]
[EventCountry "GER"]
[EventRounds "9"]
[EventType "swiss"]
[EventDate "2022.06.04"]

1. e4 c5 2. Nf3 d6 3. Nc3 Nf6 4. d4 cxd4 5. Nxd4 g6 6. Bc4 Bg7 7. Be3 O-O 8.
O-O Nc6 9. Bb3 Bd7 10. h3 Rc8 11. Qd2 Ne5 12. Bh6 Nc4 13. Bxc4 Rxc4 14. Bxg7
Kxg7 15. Rfe1 Rc5 16. a3 Qc8 17. Qe3 Kg8 18. Rad1 Re8 19. Rb1 Rf8 20. Rbd1 Re8
21. Rb1 Rf8 22. Rbd1 Re8 23. Rb1 1/2-1/2

[Event "DEM U12w 2022"]
[Site "Willingen GER"]
[Date "2022.06.05"]
[Round "2"]
[White "Altmeyer, Hannah"]
[Black "Zhou, Jenny"]
[Result "0-1"]
[Termination "normal"]
[Board "19"]
[WhiteElo "754"]
[BlackElo "1272"]
[PlyCount "60"]
[WhiteFideId "34623892"]
[BlackFideId "16280229"]
[EventCountry "GER"]
[EventRounds "9"]
[EventType "swiss"]
[EventDate "2022.06.04"]

1. e4 e5 2. Nf3 Nc6 3. Bb5 a6 4. Ba4 Nf6 5. Nc3 b5 6. Bb3 Bb4 7. d3 d6 8. Bg5
Nd4 9. Nxd4 exd4 10. O-O dxc3 11. bxc3 Bxc3 12. Bd5 Rb8 13. Re1 Bxe1 14. Qxe1
O-O 15. Qe3 h6 16. Bh4 Nxd5 17. Bxd8 Nxe3 18. fxe3 Rxd8 19. Rf1 d5 20. e5 Be6
21. d4 c5 22. dxc5 Rbc8 23. Rf2 Rxc5 24. h3 d4 25. exd4 Rxd4 26. Rf1 Rxc2 27.
a3 Rdd2 28. Rf4 Rxg2+ 29. Kf1 Bc4+ 30. Ke1 Rc1# 0-1

[Event "DEM U12w 2022"]
[Site "Willingen GER"]
[Date "2022.06.05"]
[Round "2"]
[White "Zhou, Leyi Charlotte"]
[Black "Abram, Kristina-Maria"]
[Result "1-0"]
[Termination "normal"]
[Board "20"]
[WhiteElo "1315"]
[BlackElo "1044"]
[PlyCount "55"]
[WhiteFideId "16258100"]
[BlackFideId "16298349"]
[EventCountry "GER"]
[EventRounds "9"]
[EventType "swiss"]
[EventDate "2022.06.04"]

1. e4 e5 2. Nf3 Nf6 3. Nxe5 d6 4. Nf3 Nxe4 5. Nc3 d5 6. d4 Bb4 7. Qe2 O-O 8.
Qd3 Bf5 9. Bd2 Re8 10. O-O-O Bg6 11. Nxe4 dxe4 12. Qb5 Bxd2+ 13. Nxd2 b6 14.
Nb3 c6 15. Qe2 a5 16. g3 Qe7 17. Bg2 a4 18. Nd2 a3 19. b3 Nd7 20. Rhe1 Qb4 21.
Qc4 Qd6 22. Nxe4 Bxe4 23. Bxe4 Rec8 24. d5 cxd5 25. Qxd5 Qxd5 26. Bxd5 Rc7 27.
Bxa8 h6 28. Re7 1-0